| 000 | 00000nam##2200000za#4500 |
| 001 | 9.567679 |
| 003 | CaOODSP |
| 005 | 20210624180908 |
| 007 | cr ||||||||||| |
| 008 | 150406|1998||||xxc|||||o f|0| 0 eng|d |
| 040 | |aCaOODSP|beng |
| 043 | |an-cn--- |
| 086 | 1 |aBT31-2/1999-III-90E-PDF |
| 110 | 1 |aCanada. |bTreasury Board. |
| 245 | 10|aCanadian Centre for Management Development, report on plans and priorities 1998–99 for the period of 1998–99 to 2000–2001 |h[electronic resource] |
| 260 | |bTreasury Board of Canada Secretariat |c[1998]. |
| 300 | |a35p.|btables |
| 490 | 1 |a1998-99 estimates. Part III, Report on plans and priorities |v1998-99 to 2000-2001 |
| 590 | |a10-12-Supp|b2010-11-18 |
| 775 | 08|tCentre canadien de gestion, rapport sur les plans et les priorités 1998-1999 pour la période 1998–1999 à 2000–2001 |w(CaOODSP)9.599010 |
| 776 | 0#|tCentre canadien de gestion |w(CaOODSP)9.530401 |
| 776 | 0#|tCanadian Centre for Management Development |w(CaOODSP)9.530400 |
| 830 | #0|a1998-99 estimates. Part III, Report on plans and priorities ;|v1998-99 to 2000-2001|w(CaOODSP)9.505714 |
| 856 | 40|ahttp://publications.gc.ca|qPDF|s102 KB|uhttps://publications.gc.ca/collections/Collection/BT31-2-1999-III-90E.pdf|y1998-99 to 2000-2001 |